मुख्यधारा शिक्षा में दलित भेद / (Record no. 34428)

MARC details
000 -LEADER
fixed length control field 01385nam a22002537a 4500
005 - DATE AND TIME OF LATEST TRANSACTION
control field 20100111133449.0
008 - FIXED-LENGTH DATA ELEMENTS--GENERAL INFORMATION
fixed length control field 100111t xxu||||| |||| 00| f hin d
010 ## - LCCN (DPL NO)
LC control number HIN-89036
020 ## - INTERNATIONAL STANDARD BOOK NUMBER
Terms of availability 250.00
International Standard Book Number 9788176752053
035 ## - SYSTEM CONTROL NUMBER
System control number HN-61382
037 ## - SOURCE OF ACQUISITION
Source of stock number/acquisition DBAD / PUB
040 ## - CATALOGING SOURCE
Original cataloging agency DPL
Language of cataloging HN
082 ## - DEWEY DECIMAL CLASSIFICATION NUMBER
Classification number 379.2609544
245 ## - TITLE STATEMENT
Title मुख्यधारा शिक्षा में दलित भेद /
Statement of responsibility, etc भरत एवं राजाराम भादू द्वारा संपादित
246 ## - VARYING FORM OF TITLE
Title proper/short title Mukhaydhara Shiksha mein Dalit Bhed
Remainder of title Ed by Bharat, Tajaram Bhadu
260 ## - PUBLICATION, DISTRIBUTION, ETC. (IMPRINT)
Place of publication, distribution, etc पंचकूला
Name of publisher, distributor, etc आधार प्रकाशन
Date of publication, distribution, etc 2007
270 ## - ADDRESS
Address एस.सी.एफ.267, सेक्टर-16
City पंचकूला
Postal code 134113 (हरियाणा)
Electronic mail address aadhar_prakashan@yahoo.com
300 ## - PHYSICAL DESCRIPTION
Extent 219पृ.
Dimensions 22सेमी (सजिल्द)
500 ## - GENERAL NOTE
General note राजस्थान के राजकीय स्कूलों में हाशियाकरण और समावेश पर एक अध्ययन /
700 ## - ADDED ENTRY--PERSONAL NAME
Personal name भरत
9 (RLIN) 15958
700 ## - ADDED ENTRY--PERSONAL NAME
Personal name भादू, राजाराम
9 (RLIN) 15959
942 ## - ADDED ENTRY ELEMENTS (KOHA)
Source of classification or shelving scheme Dewey Decimal Classification
Item type Hindi Books
Call number suffix मुख्यधा
Holdings
Withdrawn status Lost status Source of classification or shelving scheme Damaged status Not for loan Collection code Home library Current library Date acquired Source of acquisition Cost, normal purchase price Total Checkouts Full call number Barcode Date last seen Copy number Cost, replacement price Koha item type
    Dewey Decimal Classification   Not For Loan Non-fiction D.B.Act.Division D.B.Act.Division 05/03/2010 DBAD / PUB 250.00   मुख्यधा HN-61382 05/03/2010 1 250.00 Hindi Books

© Delhi Public Library
Hit Counter
free hit counter